|
|
|
|
| LEADER |
00592cam a2200169 7i4500 |
| 001 |
0000029180 |
| 005 |
20140217090000.0 |
| 020 |
0 |
0 |
|a 9781905068807
|
| 090 |
0 |
0 |
|a B 303.4833
|b BRI
|
| 245 |
1 |
0 |
|a Bridging the digital divide :
|b innovation systems for ICT in Brazil, China, India, Thailand & Southern Africaf.
|
| 260 |
0 |
0 |
|a London:
|b Andonis & Abbey,
|c 2007.
|
| 300 |
# |
# |
|a 253 p.
|
| 650 |
0 |
0 |
|a Information technology
|
| 650 |
0 |
0 |
|a Information technology --
|x Developing countries
|
| 700 |
1 |
0 |
|a Baskaran,
|h Angathevar
|
| 700 |
1 |
0 |
|a Muchie,
|h Mammo
|
| 999 |
|
|
|a B000032576
|b Book
|c Book
|e Business Information Centre
|